Que connait-on de la France à l'étranger ? - Statistiques

Statistiques générales
  • Ce quiz a été pris 135 fois
  • Le résultat moyen est 40 sur 70
Statistiques - réponses
Par images Hint Réponse % Correct
C Champs Elysées
88%
A Amour
86%
C Croissant
84%
V Vin
83%
N Napoléon
80%
E Escargots
79%
14 2 14 juillet
78%
M Manifestation
76%
N 3 Notre-Dame de Paris
74%
P Parfum
74%
P Paris
74%
M 2 Moulin Rouge
73%
B Baguette
72%
B Béret
72%
C Coq
72%
F Fromage
72%
J Joconde
72%
L Louvre
72%
A 3 Arc de triomphe
71%
C 3 Charles de Gaulle
71%
M Marinière
71%
M Moustache
71%
T 3 Tour de France
71%
C Cinéma
70%
M 2 Mont Saint Michel
70%
T 2 Tour Eiffel
70%
A Accordéon
69%
M Marché
69%
A 2 Alain Delon
68%
D 2 Daft Punk
68%
E 2 Edith Piaf
67%
B 2 Brigitte Bardot
66%
C Concorde
64%
L Lavande
64%
M Marie-Antoinette
64%
C 3 Côte d'Azur
63%
F 2 French Cancan
62%
C Champagne
58%
C Cognac
58%
J 3 Jeanne d'Arc
58%
F 3 Festival de Cannes
55%
H 2 Haute Couture
54%
M Montgolfière
54%
R Reverbère
54%
2 2 2 CV
53%
S Savoir-vivre
53%
L Littérature
50%
V 2 Victor Hugo
50%
L 2 Légion étrangère
49%
F 2 Foie gras
47%
B Baisemain
45%
D 2 Drapeau tricolore
44%
G Grève
44%
M 2 Mireille Mathieu
44%
O 3 Opéra de Paris
44%
C 3 Château de Versailles
43%
G 2 Garde Républicaine
38%
C 4 Châteaux de la Loire
37%
I Impressionnisme
37%
V Villages
34%
M Montmartre
30%
P 3 Plages du débarquement
26%
M Marseillaise
23%
A 4 Arts de la table
21%
C 3 Chaussures à talon
20%
C 2 Commandant Cousteau
18%
G 2 Grande Cuisine
17%
T 3 Terrasse de café
17%
M 3 Mangeurs de grenouille
11%
J 3 Joaillerie de luxe
10%
Aucun quiz correspondant
Distribution des résultats
% des personnes avec chaque résultat
Percentile par nombre de réponses
Votre historique - résultats
Vous n’avez pas pris ce quiz